000 00577nam a22001697a 4500
008 230328b |||||||| |||| 00| 0 eng d
040 _aNational Science Library
_cNational Science Library
080 _a536.764
_bL0.3
245 _aPhase diagrams materials science and technology
260 _aNew York:
_bAcademic Press,
_c1970
300 _axviii, 325p.
490 _aThe use of phase diagrams in electronic materials and glass technology
_vVol. 3
650 _aMaterials science
653 _aPhase diagrams
700 _aAlper, Allen M (Ed.)
942 _2udc
_cBK
999 _c16149
_d16149